| 000 | 00756nam a22002777a 4500 | ||
|---|---|---|---|
| 005 | 20250624154836.0 | ||
| 008 | 230306b2021 |||||||| |||| 00| 0 spa d | ||
| 020 | _a9782409033858 | ||
| 041 | _aESP | ||
| 082 | _a005.133 G949c | ||
| 100 | _aGuérin, Brice-Arnaud | ||
| 245 | _aC++: de los fundamentos del lenguaje a las aplicaciones | ||
| 260 |
_aEspaña _bEdiciones ENI _c2021 |
||
| 300 | _a480 páginas | ||
| 490 | _aTecnologías de la Información | ||
| 650 | _aLENGUAJE DE PROGRAMACIÓN | ||
| 650 | _aC++ | ||
| 650 | _aPROGRAMACIÓN ORIENTADA A OBJETOS | ||
| 650 | _aESTRUCTURA DE DATOS | ||
| 650 | _aPUNTEROS | ||
| 650 | _aARRAYS | ||
| 650 | _aRUTAS DE RECOLECCIÓN | ||
| 650 | _aUML | ||
| 650 | _aALGORITMOS | ||
| 942 |
_cBK _2ddc |
||
| 999 |
_c13505 _d13505 |
||